Countries That Start With MAL - One Minute Sprint - Statistics

General Stats
  • This quiz has been taken 87 times
  • The average score is 4 of 5
Answer Stats
country % Correct
Mali
90%
Maldives
89%
Malaysia
87%
Malawi
76%
Malta
70%
No matching quizzes found
Score Distribution
Percent of People with Each Score
Percentile by Number Answered
Your Score History
You have not taken this quiz